[Event "Bundesliga 9596"]
[Site "Deutschland"]
[Date "1996.??.??"]
[Round "?.4"]
[White "Sandor, Christian"]
[Black "Hausrath, Daniel"]
[Result "0-1"]
[WhiteElo "2380"]
[BlackElo "2390"]
[PlyCount "66"]
[EventDate "1995.10.??"]
[EventType "team"]
[EventRounds "15"]
[EventCountry "GER"]
[SourceTitle "Bundesliga 9596"]
[Source "DeepChess"]
[SourceDate "2005.01.01"]
[SourceVersion "1"]
[SourceVersionDate "2005.01.01"]
[SourceQuality "1"]
[WhiteTeam "Muenchener SC 1836 e.V."]
[BlackTeam "PSV/BSV Wuppertal 1921 e.V."]
[WhiteTeamCountry "GER"]
[BlackTeamCountry "GER"]

1. e4 c5 2. Nf3 Nc6 3. d4 cxd4 4. Nxd4 Nf6 5. Nc3 e5 6. Ndb5 d6 7. Bg5 a6 8.
Na3 Be6 9. Nc4 Rc8 10. Nd5 Bxd5 11. Bxf6 gxf6 12. Qxd5 Nd4 13. O-O-O Qd7 14.
Rxd4 exd4 15. Nb6 Qg4 16. Bc4 Rc7 17. Qxd4 Qxg2 18. Rd1 Qg5+ 19. Kb1 Qc5 20. b3
Qxd4 21. Rxd4 Rg8 22. Nd5 Rg1+ 23. Kb2 Rc6 24. Ne3 Bh6 25. Bd5 Rc7 26. Rd3 Bf4
27. h3 Be5+ 28. c3 Re1 29. Nc2 Re2 30. Rf3 b5 31. b4 f5 32. exf5 Rd2 33. Ba8
Rxc3 0-1

[Event "Bundesliga 9596"]
[Site "Deutschland"]
[Date "1996.??.??"]
[Round "?.5"]
[White "Kern, Guido"]
[Black "Ankerst, Mihael"]
[Result "0-1"]
[WhiteElo "2365"]
[BlackElo "2295"]
[PlyCount "66"]
[EventDate "1995.10.??"]
[EventType "team"]
[EventRounds "15"]
[EventCountry "GER"]
[SourceTitle "Bundesliga 9596"]
[Source "DeepChess"]
[SourceDate "2005.01.01"]
[SourceVersion "1"]
[SourceVersionDate "2005.01.01"]
[SourceQuality "1"]
[WhiteTeam "PSV/BSV Wuppertal 1921 e.V."]
[BlackTeam "Muenchener SC 1836 e.V."]
[WhiteTeamCountry "GER"]
[BlackTeamCountry "GER"]

1. c4 g6 2. Nc3 Bg7 3. d4 d6 4. e4 Nf6 5. f3 O-O 6. Nge2 a6 7. Bg5 Nbd7 8. d5
c5 9. a4 Ne5 10. Ng3 h6 11. Be3 e6 12. Be2 exd5 13. cxd5 Bd7 14. f4 Neg4 15.
Bd2 h5 16. h3 Nh6 17. O-O Re8 18. Bf3 Nfg4 19. Nce2 f5 20. exf5 Nxf5 21. Nxf5
Bxf5 22. hxg4 hxg4 23. Bc3 gxf3 24. gxf3 Qe7 25. Bxg7 Kxg7 26. Rf2 Rh8 27. Ng3
Rh3 28. Nxf5+ gxf5 29. Rg2+ Kf7 30. Qd3 Qf6 31. Rg5 Rg8 32. Rxg8 Kxg8 33. Kg2
Qh4 0-1

[Event "Bundesliga 9596"]
[Site "Deutschland"]
[Date "1996.??.??"]
[Round "?.7"]
[White "Sukharisingh, Ralf"]
[Black "Reich, Thomas"]
[Result "1-0"]
[WhiteElo "2305"]
[BlackElo "2400"]
[PlyCount "103"]
[EventDate "1995.10.??"]
[EventType "team"]
[EventRounds "15"]
[EventCountry "GER"]
[SourceTitle "Bundesliga 9596"]
[Source "DeepChess"]
[SourceDate "2005.01.01"]
[SourceVersion "1"]
[SourceVersionDate "2005.01.01"]
[SourceQuality "1"]
[WhiteTeam "PSV/BSV Wuppertal 1921 e.V."]
[BlackTeam "Muenchener SC 1836 e.V."]
[WhiteTeamCountry "GER"]
[BlackTeamCountry "GER"]

1. d4 g6 2. c4 Nf6 3. Nc3 Bg7 4. e4 d6 5. Nf3 O-O 6. Be2 Bg4 7. Be3 Nfd7 8. Ng1
Bxe2 9. Ngxe2 c5 10. O-O cxd4 11. Nxd4 Nc6 12. Rc1 Nxd4 13. Bxd4 Bxd4 14. Qxd4
Qb6 15. Qd2 Rfc8 16. b3 Rc6 17. Rfd1 Rac8 18. Nd5 Qd8 19. Rc3 Nf6 20. Rh3 h5
21. Nxf6+ exf6 22. Rd3 Qe7 23. Rxd6 Qxe4 24. Rd7 b5 25. Re1 Qf5 26. Rd5 Qg4 27.
Rxb5 Re6 28. h3 Rxe1+ 29. Qxe1 Qd4 30. Rd5 Qb2 31. Qd2 Qa1+ 32. Kh2 Kg7 33. Qe2
Rc6 34. Rd7 Qc1 35. Qd2 Qxd2 36. Rxd2 h4 37. g3 hxg3+ 38. Kxg3 f5 39. Rd7 Ra6
40. Rd2 Rc6 41. Rc2 Kf6 42. b4 Ke5 43. c5 Kd4 44. Rc1 Rc7 45. c6 Kd5 46. b5 Rc8
47. a4 Kd6 48. Rd1+ Kc5 49. Rd7 a6 50. Rb7 axb5 51. axb5 f6 52. c7 1-0

[Event "Bundesliga 9596"]
[Site "Deutschland"]
[Date "1996.??.??"]
[Round "?.8"]
[White "Schmidt, Gerhardt"]
[Black "Kistella, Roman"]
[Result "1/2-1/2"]
[WhiteElo "2240"]
[BlackElo "2255"]
[PlyCount "88"]
[EventDate "1995.10.??"]
[EventType "team"]
[EventRounds "15"]
[EventCountry "GER"]
[SourceTitle "Bundesliga 9596"]
[Source "DeepChess"]
[SourceDate "2005.01.01"]
[SourceVersion "1"]
[SourceVersionDate "2005.01.01"]
[SourceQuality "1"]
[WhiteTeam "Muenchener SC 1836 e.V."]
[BlackTeam "PSV/BSV Wuppertal 1921 e.V."]
[WhiteTeamCountry "GER"]
[BlackTeamCountry "GER"]

1. e4 c5 2. Nf3 d6 3. d4 cxd4 4. Nxd4 Nf6 5. Nc3 Nc6 6. Bg5 e6 7. Be2 a6 8. Qd2
h6 9. Bh4 Bd7 10. Bg3 b5 11. a3 Rc8 12. Rd1 Ne5 13. Nf3 Qc7 14. O-O Bc6 15. Qd4
Nfd7 16. Nd2 Qb6 17. Nb3 Qxd4 18. Nxd4 Bb7 19. Nf3 Be7 20. Nxe5 Nxe5 21. Rd2
Rc7 22. Rfd1 O-O 23. Bxe5 dxe5 24. Rd7 Rfc8 25. Rxc7 Rxc7 26. Bd3 Rd7 27. Rb1
g6 28. b4 Rc7 29. Rb3 Bc6 30. Ne2 Rd7 31. f3 Bd8 32. g3 Bb6+ 33. Kg2 f5 34. Rb1
Kg7 35. Nc3 Bd4 36. Nd1 Kf6 37. Kf1 g5 38. Ke2 g4 39. Nf2 gxf3+ 40. Kxf3 Bxf2
41. Kxf2 fxe4 42. Be2 Bd5 43. Rc1 Rc7 44. c3 Bb3 1/2-1/2

[Event "Bundesliga 9596"]
[Site "Deutschland"]
[Date "1995.??.??"]
[Round "?.1"]
[White "Hertneck, Gerald"]
[Black "Hracek, Zbynek"]
[Result "1/2-1/2"]
[WhiteElo "2570"]
[BlackElo "2635"]
[PlyCount "60"]
[EventDate "1995.10.??"]
[EventType "team"]
[EventRounds "15"]
[EventCountry "GER"]
[SourceTitle "Bundesliga 9596"]
[Source "DeepChess"]
[SourceDate "2005.01.01"]
[SourceVersion "1"]
[SourceVersionDate "2005.01.01"]
[SourceQuality "1"]
[WhiteTeam "Muenchener SC 1836 e.V."]
[BlackTeam "SAbt SV Werder Bremen"]
[WhiteTeamCountry "GER"]
[BlackTeamCountry "GER"]

1. d4 Nf6 2. Nf3 e6 3. c4 Bb4+ 4. Bd2 Qe7 5. g3 Nc6 6. Bg2 Bxd2+ 7. Nbxd2 d6 8.
O-O a5 9. e4 e5 10. d5 Nb8 11. Ne1 O-O 12. Nd3 Bg4 13. f3 Bd7 14. f4 Na6 15.
Qb3 Bg4 16. Rae1 Nd7 17. Qc3 f6 18. Bf3 Bh3 19. Rf2 exf4 20. Nxf4 Bf5 21. Nb3
Bg6 22. Nxa5 Nac5 23. b4 Rxa5 24. bxa5 Ra8 25. Rb2 Na4 26. Qd2 Nxb2 27. Qxb2
Ra7 28. Nd3 Ne5 29. Nxe5 dxe5 30. Rb1 Qc5+ 1/2-1/2

[Event "Bundesliga 9596"]
[Site "Deutschland"]
[Date "1995.??.??"]
[Round "?.2"]
[White "Kindermann, Stefan"]
[Black "Pezerovic, Edin"]
[Result "1/2-1/2"]
[WhiteElo "2565"]
[BlackElo "2405"]
[PlyCount "43"]
[EventDate "1995.10.??"]
[EventType "team"]
[EventRounds "15"]
[EventCountry "GER"]
[SourceTitle "Bundesliga 9596"]
[Source "DeepChess"]
[SourceDate "2005.01.01"]
[SourceVersion "1"]
[SourceVersionDate "2005.01.01"]
[SourceQuality "1"]
[WhiteTeam "SAbt SV Werder Bremen"]
[BlackTeam "Muenchener SC 1836 e.V."]
[WhiteTeamCountry "GER"]
[BlackTeamCountry "GER"]

1. e4 c6 2. d4 d5 3. e5 Bf5 4. Nf3 e6 5. Be2 Nd7 6. O-O Ne7 7. Nh4 Bg6 8. Nd2
c5 9. c3 Nc6 10. Nxg6 hxg6 11. Nf3 Qb6 12. Rb1 Be7 13. b4 c4 14. Ng5 a5 15. b5
Nd8 16. a4 f5 17. exf6 gxf6 18. Nh3 Nf7 19. Nf4 Nf8 20. Qc2 f5 21. g3 O-O-O 22.
Bf3 1/2-1/2

[Event "Bundesliga 9596"]
[Site "Deutschland"]
[Date "1995.??.??"]
[Round "?.3"]
[White "Ankerst, Mihael"]
[Black "Blatny, Pavel"]
[Result "1/2-1/2"]
[WhiteElo "2310"]
[BlackElo "2535"]
[PlyCount "95"]
[EventDate "1995.10.??"]
[EventType "team"]
[EventRounds "15"]
[EventCountry "GER"]
[SourceTitle "Bundesliga 9596"]
[Source "DeepChess"]
[SourceDate "2005.01.01"]
[SourceVersion "1"]
[SourceVersionDate "2005.01.01"]
[SourceQuality "1"]
[WhiteTeam "Muenchener SC 1836 e.V."]
[BlackTeam "SAbt SV Werder Bremen"]
[WhiteTeamCountry "GER"]
[BlackTeamCountry "GER"]

1. e4 e5 2. Nf3 Nc6 3. Nc3 Nf6 4. d4 exd4 5. Nxd4 Bb4 6. Nxc6 bxc6 7. Bd3 d5 8.
exd5 O-O 9. O-O cxd5 10. Bg5 c6 11. Ne2 Bg4 12. c3 Be7 13. Qa4 Bd7 14. Nd4 Ne4
15. Bxe7 Qxe7 16. Qa5 Qc5 17. Qxc5 Nxc5 18. Bc2 Rfe8 19. Rfe1 Ne6 20. Rad1 a5
21. Bf5 Rab8 22. b3 Kf8 23. Bxe6 fxe6 24. Nf3 c5 25. Ne5 Ke7 26. f4 Rf8 27. g3
Kd6 28. Rd2 a4 29. Nxd7 Kxd7 30. bxa4 Kd6 31. Rde2 Rf6 32. Kg2 c4 33. g4 Kc5
34. Kg3 Ra8 35. Rxe6 Rxe6 36. Rxe6 Rxa4 37. f5 Rxa2 38. g5 Ra1 39. Kf2 Ra2+ 40.
Kg3 Ra1 41. f6 Rg1+ 42. Kh4 gxf6 43. gxf6 Rf1 44. Kg5 Rf3 45. Kg4 Rf1 46. Kg5
Rf3 47. Kg4 Rf1 48. Kg5 1/2-1/2

[Event "Bundesliga 9596"]
[Site "Deutschland"]
[Date "1995.??.??"]
[Round "?.4"]
[White "Knaak, Rainer"]
[Black "Riedel, Wolfgang"]
[Result "1/2-1/2"]
[WhiteElo "2540"]
[BlackElo "2350"]
[PlyCount "134"]
[EventDate "1995.10.??"]
[EventType "team"]
[EventRounds "15"]
[EventCountry "GER"]
[SourceTitle "Bundesliga 9596"]
[Source "DeepChess"]
[SourceDate "2005.01.01"]
[SourceVersion "1"]
[SourceVersionDate "2005.01.01"]
[SourceQuality "1"]
[WhiteTeam "SAbt SV Werder Bremen"]
[BlackTeam "Muenchener SC 1836 e.V."]
[WhiteTeamCountry "GER"]
[BlackTeamCountry "GER"]

1. d4 d5 2. c4 c6 3. Nc3 Nf6 4. Nf3 e6 5. Bg5 h6 6. Bxf6 Qxf6 7. e3 Nd7 8. Bd3
Qd8 9. O-O Be7 10. a3 O-O 11. Qe2 f5 12. Rfc1 Bd6 13. cxd5 exd5 14. b4 a6 15.
Qc2 Qf6 16. Na4 Rb8 17. Nc5 b5 18. Nb3 Bb7 19. Na5 Ba8 20. Qb3 Nb6 21. Be2 Bb7
22. Qc3 Nc4 23. Nxc4 bxc4 24. Ne5 Bc8 25. f4 Bc7 26. Rf1 Bxe5 27. dxe5 Qe7 28.
Bd1 Be6 29. Bc2 h5 30. Rab1 Rb7 31. g3 g6 32. Kf2 Kf7 33. Ke2 Rh8 34. Rbd1 Kg7
35. Qd4 Rhb8 36. Rb1 Rb5 37. Kd2 Kh6 38. Ke2 Kg7 39. Kd2 Kh6 40. Ba4 c5 41. Qa1
R5b6 42. bxc5 Qxc5 43. Bc2 Kg7 44. Rxb6 Rxb6 45. Qc3 Kf7 46. Rb1 a5 47. Rxb6
Qxb6 48. Qa1 Bd7 49. h3 Ke7 50. Qc3 Kf7 51. Bd1 Ke7 52. Bf3 Be6 53. Kc1 Kf7 54.
Bd1 Bd7 55. Qd2 Qc5 56. Kb2 Qb6+ 57. Kc1 Qc5 58. Qc3 Qb6 59. Bc2 Ke7 60. Kd1
Kf7 61. Ke2 Ke7 62. Qa1 Kf7 63. Kf2 Ke7 64. Qc3 Kf7 65. Bd1 Ke7 66. Ke1 Kf7 67.
Kd2 Ke7 1/2-1/2

[Event "Bundesliga 9596"]
[Site "Deutschland"]
[Date "1995.??.??"]
[Round "?.6"]
[White "Meins, Gerlef"]
[Black "Reich, Thomas"]
[Result "1/2-1/2"]
[WhiteElo "2440"]
[BlackElo "2400"]
[PlyCount "47"]
[EventDate "1995.10.??"]
[EventType "team"]
[EventRounds "15"]
[EventCountry "GER"]
[SourceTitle "Bundesliga 9596"]
[Source "DeepChess"]
[SourceDate "2005.01.01"]
[SourceVersion "1"]
[SourceVersionDate "2005.01.01"]
[SourceQuality "1"]
[WhiteTeam "SAbt SV Werder Bremen"]
[BlackTeam "Muenchener SC 1836 e.V."]
[WhiteTeamCountry "GER"]
[BlackTeamCountry "GER"]

1. d4 Nf6 2. c4 g6 3. Nc3 Bg7 4. e4 d6 5. Be2 O-O 6. Bg5 h6 7. Be3 e5 8. d5
Nbd7 9. Qd2 Nc5 10. f3 a5 11. g4 Kh7 12. h4 h5 13. g5 Ng8 14. Nh3 Bxh3 15. Rxh3
f5 16. exf5 Rxf5 17. Ne4 b6 18. Qc2 Qd7 19. Nxc5 bxc5 20. Bd3 Ne7 21. O-O-O Rf7
22. Rhh1 Nf5 23. Bf2 a4 24. Be4 1/2-1/2

[Event "Bundesliga 9596"]
[Site "Deutschland"]
[Date "1995.??.??"]
[Round "?.7"]
[White "Lentrodt, Thomas"]
[Black "Meyer, Claus Dieter"]
[Result "1/2-1/2"]
[WhiteElo "2265"]
[BlackElo "2315"]
[PlyCount "121"]
[EventDate "1995.10.??"]
[EventType "team"]
[EventRounds "15"]
[EventCountry "GER"]
[SourceTitle "Bundesliga 9596"]
[Source "DeepChess"]
[SourceDate "2005.01.01"]
[SourceVersion "1"]
[SourceVersionDate "2005.01.01"]
[SourceQuality "1"]
[WhiteTeam "Muenchener SC 1836 e.V."]
[BlackTeam "SAbt SV Werder Bremen"]
[WhiteTeamCountry "GER"]
[BlackTeamCountry "GER"]

1. d4 Nf6 2. Nf3 g6 3. c4 Bg7 4. Nc3 O-O 5. e4 d6 6. Be2 Nbd7 7. O-O e5 8. Re1
c6 9. d5 Nc5 10. Qc2 a5 11. Be3 cxd5 12. cxd5 Nfd7 13. Nd2 f5 14. f3 fxe4 15.
fxe4 b6 16. b3 Nf6 17. Rf1 Ng4 18. Bxg4 Bxg4 19. Nc4 Rxf1+ 20. Rxf1 Rb8 21. Nb5
Bf8 22. h3 Bc8 23. Qf2 Ba6 24. Qf7+ Kh8 25. Nc7 Bxc4 26. bxc4 Qe7 27. Bxc5 bxc5
28. Nb5 Rd8 29. Rf6 Qxf7 30. Rxf7 Bh6 31. Ra7 Be3+ 32. Kf1 Rf8+ 33. Ke2 Bg1 34.
Nxd6 Rf2+ 35. Kd3 Rxa2 36. Nf7+ Kg8 37. Nxe5 Ra3+ 38. Kd2 Be3+ 39. Ke2 Bd4 40.
Nd3 Ra2+ 41. Kd1 Ra3 42. Nf4 Ra1+ 43. Ke2 Ra2+ 44. Kd3 Ra3+ 45. Ke2 a4 46. d6
Ra2+ 47. Kd3 Ra3+ 48. Ke2 Ra2+ 49. Kf3 Ra3+ 50. Kg4 h5+ 51. Nxh5 gxh5+ 52. Kf5
Ra2 53. Ke6 Rf2 54. Ra8+ Kg7 55. e5 Re2 56. d7 Bxe5 57. Rg8+ Kh7 58. d8=Q Bc7+
59. Kf5 Bxd8 60. Rxd8 Rxg2 61. Ra8 1/2-1/2

[Event "Bundesliga 9596"]
[Site "Deutschland"]
[Date "1995.??.??"]
[Round "?.8"]
[White "Hedke, Fred"]
[Black "Eichler, Christoph"]
[Result "1/2-1/2"]
[WhiteElo "2370"]
[BlackElo "2230"]
[PlyCount "58"]
[EventDate "1995.10.??"]
[EventType "team"]
[EventRounds "15"]
[EventCountry "GER"]
[SourceTitle "Bundesliga 9596"]
[Source "DeepChess"]
[SourceDate "2005.01.01"]
[SourceVersion "1"]
[SourceVersionDate "2005.01.01"]
[SourceQuality "1"]
[WhiteTeam "SAbt SV Werder Bremen"]
[BlackTeam "Muenchener SC 1836 e.V."]
[WhiteTeamCountry "GER"]
[BlackTeamCountry "GER"]

1. e4 g6 2. d4 Bg7 3. Nc3 c6 4. g3 d6 5. Bg2 Nf6 6. a4 O-O 7. Nge2 e5 8. h3
Nbd7 9. O-O Qe7 10. a5 Rd8 11. Re1 Nf8 12. Be3 exd4 13. Nxd4 Ne6 14. a6 Nxd4
15. axb7 Qxb7 16. Bxd4 Be6 17. Qf3 Nd7 18. Bxg7 Kxg7 19. b3 Qb6 20. Na4 Qb4 21.
Qc3+ Qxc3 22. Nxc3 Nb6 23. Ne2 c5 24. Nc3 a5 25. Na4 Nxa4 26. Rxa4 Bd7 27. Ra3
Bc6 28. Rea1 a4 29. bxa4 Ra5 1/2-1/2

[Event "Bundesliga 9596"]
[Site "Deutschland"]
[Date "1995.??.??"]
[Round "?.1"]
[White "Hertneck, Gerald"]
[Black "Pribyl, Martin"]
[Result "1-0"]
[WhiteElo "2570"]
[BlackElo "2390"]
[PlyCount "77"]
[EventDate "1995.10.??"]
[EventType "team"]
[EventRounds "15"]
[EventCountry "GER"]
[SourceTitle "Bundesliga 9596"]
[Source "DeepChess"]
[SourceDate "2005.01.01"]
[SourceVersion "1"]
[SourceVersionDate "2005.01.01"]
[SourceQuality "1"]
[WhiteTeam "Muenchener SC 1836 e.V."]
[BlackTeam "SC 1868 Bamberg e.V."]
[WhiteTeamCountry "GER"]
[BlackTeamCountry "GER"]

1. d4 Nf6 2. c4 g6 3. Nc3 d5 4. cxd5 Nxd5 5. Nf3 Bg7 6. Bg5 c5 7. e3 Nc6 8. Be2
O-O 9. O-O h6 10. Bh4 cxd4 11. Nxd4 Nxc3 12. bxc3 Bd7 13. Qb3 g5 14. Bg3 e5 15.
Nb5 Be6 16. c4 Qe7 17. Nc3 Rac8 18. Nd5 Qc5 19. Qxb7 Na5 20. Qb2 Rb8 21. Qd2
Nxc4 22. Bxc4 Qxc4 23. Ne7+ Kh8 24. Rfc1 Qb4 25. Qxb4 Rxb4 26. Nc6 Ra4 27. Bxe5
Bxe5 28. Nxe5 Rb8 29. h3 Rb2 30. a3 Rb3 31. Rc7 Kg7 32. Rd1 Rb5 33. Nc6 Rxa3
34. Rd6 Bb3 35. Nd4 Rd5 36. Rdc6 Ba2 37. Kh2 a5 38. Rb6 Rd3 39. Ne6+ 1-0

[Event "Bundesliga 9596"]
[Site "Deutschland"]
[Date "1995.??.??"]
[Round "?.2"]
[White "Pribyl, Josef"]
[Black "Pezerovic, Edin"]
[Result "1/2-1/2"]
[WhiteElo "2405"]
[BlackElo "2405"]
[PlyCount "87"]
[EventDate "1995.10.??"]
[EventType "team"]
[EventRounds "15"]
[EventCountry "GER"]
[SourceTitle "Bundesliga 9596"]
[Source "DeepChess"]
[SourceDate "2005.01.01"]
[SourceVersion "1"]
[SourceVersionDate "2005.01.01"]
[SourceQuality "1"]
[WhiteTeam "SC 1868 Bamberg e.V."]
[BlackTeam "Muenchener SC 1836 e.V."]
[WhiteTeamCountry "GER"]
[BlackTeamCountry "GER"]

1. e4 c6 2. d4 d5 3. Nc3 dxe4 4. Nxe4 Nf6 5. Nxf6+ gxf6 6. c3 Bf5 7. Nf3 e6 8.
g3 Bd6 9. Bg2 Nd7 10. Qe2 Qc7 11. O-O O-O 12. Nh4 Bg6 13. Bh6 Rfe8 14. Rfe1 Bf8
15. Bxf8 Nxf8 16. Rad1 Rad8 17. b4 a5 18. a3 Kg7 19. f4 f5 20. Bf3 Nd7 21. Ng2
Nf6 22. Qe5 Qxe5 23. dxe5 Nd5 24. c4 Nb6 25. Ne3 axb4 26. axb4 Ra8 27. b5 Rec8
28. Rd6 Ra3 29. bxc6 bxc6 30. Rxc6 Rxc6 31. Bxc6 Rc3 32. Bb5 Bh5 33. Kf2 Rd3
34. c5 Rd2+ 35. Kg1 Na8 36. Bc6 Nc7 37. Bg2 Be2 38. c6 Bb5 39. Rd1 Re2 40. Nf1
Rc2 41. Rd6 Rc1 42. Kf2 Nd5 43. Ne3 Nb4 44. Rd1 1/2-1/2

[Event "Bundesliga 9596"]
[Site "Deutschland"]
[Date "1995.??.??"]
[Round "?.3"]
[White "Sandor, Christian"]
[Black "Kurz, Alexander"]
[Result "1-0"]
[WhiteElo "2385"]
[BlackElo "2350"]
[PlyCount "53"]
[EventDate "1995.10.??"]
[EventType "team"]
[EventRounds "15"]
[EventCountry "GER"]
[SourceTitle "Bundesliga 9596"]
[Source "DeepChess"]
[SourceDate "2005.01.01"]
[SourceVersion "1"]
[SourceVersionDate "2005.01.01"]
[SourceQuality "1"]
[WhiteTeam "Muenchener SC 1836 e.V."]
[BlackTeam "SC 1868 Bamberg e.V."]
[WhiteTeamCountry "GER"]
[BlackTeamCountry "GER"]

1. e4 c5 2. Nf3 d6 3. d4 cxd4 4. Nxd4 Nf6 5. Nc3 g6 6. Be3 Bg7 7. f3 O-O 8. Qd2
Nc6 9. Bc4 Bd7 10. O-O-O Ne5 11. Bb3 Rc8 12. h4 h5 13. Bg5 Rc5 14. Kb1 b5 15.
g4 a5 16. gxh5 a4 17. h6 Bh8 18. h7+ Nxh7 19. Bd5 Nxg5 20. hxg5 Bg7 21. Rh4 e6
22. Rdh1 Re8 23. Rh7 f6 24. Qh2 fxg5 25. Bxe6+ Bxe6 26. Nxe6 Rxe6 27. Rh8+ 1-0

[Event "Bundesliga 9596"]
[Site "Deutschland"]
[Date "1995.??.??"]
[Round "?.4"]
[White "Meister, Peter"]
[Black "Ankerst, Mihael"]
[Result "1/2-1/2"]
[WhiteElo "2385"]
[BlackElo "2310"]
[PlyCount "93"]
[EventDate "1995.10.??"]
[EventType "team"]
[EventRounds "15"]
[EventCountry "GER"]
[SourceTitle "Bundesliga 9596"]
[Source "DeepChess"]
[SourceDate "2005.01.01"]
[SourceVersion "1"]
[SourceVersionDate "2005.01.01"]
[SourceQuality "1"]
[WhiteTeam "SC 1868 Bamberg e.V."]
[BlackTeam "Muenchener SC 1836 e.V."]
[WhiteTeamCountry "GER"]
[BlackTeamCountry "GER"]

1. d4 Nf6 2. c4 g6 3. Nc3 Bg7 4. e4 d6 5. f3 O-O 6. Bg5 c5 7. d5 Qa5 8. Qd2 e6
9. dxe6 Bxe6 10. Nd5 Qxd2+ 11. Kxd2 Bxd5 12. cxd5 Nbd7 13. Rb1 Rfb8 14. Ne2 b5
15. Nc3 c4 16. Be2 Nc5 17. Be3 Nfd7 18. b4 cxb3 19. axb3 b4 20. Na4 Nxa4 21.
bxa4 Bc3+ 22. Kc2 Rc8 23. Bb5 Rc7 24. Bxd7 Rxd7 25. Kd3 a5 26. Rhc1 Rc8 27. Bd4
Rdc7 28. Bb6 Rb7 29. Bxa5 Ra8 30. Rxc3 Rxa5 31. Rc6 Rxa4 32. Rb2 Rd7 33. Rb6
Kf8 34. R6xb4 Ra3+ 35. R4b3 Raa7 36. f4 h5 37. Rb4 Ke7 38. R4b3 f6 39. Rb4 Rac7
40. R4b3 Ra7 41. Rc2 Ra1 42. Rcb2 f5 43. Re2 fxe4+ 44. Kxe4 Kf6 45. Kf3 Rd1 46.
Rb5 Ra7 47. h3 1/2-1/2

[Event "Bundesliga 9596"]
[Site "Deutschland"]
[Date "1995.??.??"]
[Round "?.5"]
[White "Riedel, Wolfgang"]
[Black "Huemmer, Bernd"]
[Result "1-0"]
[WhiteElo "2350"]
[BlackElo "2280"]
[PlyCount "125"]
[EventDate "1995.10.??"]
[EventType "team"]
[EventRounds "15"]
[EventCountry "GER"]
[SourceTitle "Bundesliga 9596"]
[Source "DeepChess"]
[SourceDate "2005.01.01"]
[SourceVersion "1"]
[SourceVersionDate "2005.01.01"]
[SourceQuality "1"]
[WhiteTeam "Muenchener SC 1836 e.V."]
[BlackTeam "SC 1868 Bamberg e.V."]
[WhiteTeamCountry "GER"]
[BlackTeamCountry "GER"]

1. d4 Nf6 2. c4 d6 3. Nf3 Nbd7 4. Nc3 e5 5. Bg5 Be7 6. e3 c6 7. Qc2 Ng8 8. Bxe7
Qxe7 9. O-O-O Ngf6 10. Bd3 Nb6 11. c5 dxc5 12. dxe5 Ng4 13. Ne4 Nxe5 14. Nxe5
Qxe5 15. Qxc5 Qxc5+ 16. Nxc5 Nd7 17. Ne4 Ke7 18. Bc4 Ne5 19. Be2 b6 20. f4 Ng4
21. Bf3 Bf5 22. Ng3 Nh6 23. Nxf5+ Nxf5 24. Rd3 Rad8 25. Ra3 a5 26. Bxc6 Rc8 27.
Rc3 Rhd8 28. Re1 Kf6 29. g4 Ne7 30. Be4 Rxc3+ 31. bxc3 Ke6 32. Kc2 f5 33. Bf3
g6 34. Rb1 Rd6 35. Rb5 Ng8 36. Re5+ Kf6 37. g5+ Kf7 38. Bd5+ Kf8 39. Bxg8 Kxg8
40. Re7 Rc6 41. a4 Rd6 42. Rb7 Rc6 43. Kd3 Rd6+ 44. Kc4 Re6 45. Kd3 Rd6+ 46.
Kc2 Re6 47. Kb3 Kh8 48. Kc4 Rxe3 49. Rxb6 Re4+ 50. Kd5 Rxa4 51. c4 Kg8 52. Rb8+
Kf7 53. Rb7+ Ke8 54. Rxh7 Ra1 55. Ke6 Re1+ 56. Kf6 Re4 57. Ra7 Rxf4 58. Ra8+
Kd7 59. Kxg6 Rh4 60. Rxa5 Rxh2 61. Rxf5 Rc2 62. Kf7 Rxc4 63. g6 1-0

[Event "Bundesliga 9596"]
[Site "Deutschland"]
[Date "1995.??.??"]
[Round "?.6"]
[White "Krauseneck, Peter"]
[Black "Geisler, Fabian"]
[Result "0-1"]
[WhiteElo "2295"]
[BlackElo "2330"]
[PlyCount "72"]
[EventDate "1995.10.??"]
[EventType "team"]
[EventRounds "15"]
[EventCountry "GER"]
[SourceTitle "Bundesliga 9596"]
[Source "DeepChess"]
[SourceDate "2005.01.01"]
[SourceVersion "1"]
[SourceVersionDate "2005.01.01"]
[SourceQuality "1"]
[WhiteTeam "SC 1868 Bamberg e.V."]
[BlackTeam "Muenchener SC 1836 e.V."]
[WhiteTeamCountry "GER"]
[BlackTeamCountry "GER"]

1. e4 c5 2. Nf3 Nc6 3. c3 Nf6 4. e5 Nd5 5. d4 cxd4 6. cxd4 d6 7. exd6 e6 8. Nc3
Qxd6 9. Bd3 Be7 10. O-O O-O 11. Ne4 Qd8 12. Re1 b6 13. Bg5 Bb7 14. Bxe7 Qxe7
15. Rc1 Rfd8 16. Bb1 Nf4 17. g3 Ng6 18. Re2 Qd7 19. Rd2 Nce7 20. h4 Qd5 21. Rc3
h6 22. Kh2 Rac8 23. Nc5 Nxh4 24. Be4 Nxf3+ 25. Qxf3 Qg5 26. Rdc2 Bxe4 27. Nxe4
Qd5 28. Rxc8 Rxc8 29. Rxc8+ Nxc8 30. Qe3 Qxa2 31. Qc3 Ne7 32. Qb4 Ng6 33. Nd6
Qd5 34. Nc8 Qd7 35. Qc4 Ne7 36. Qc3 Qxc8 0-1

[Event "Bundesliga 9596"]
[Site "Deutschland"]
[Date "1995.??.??"]
[Round "?.7"]
[White "Reich, Thomas"]
[Black "Rupp, Markus"]
[Result "1-0"]
[WhiteElo "2400"]
[BlackElo "2315"]
[PlyCount "69"]
[EventDate "1995.10.??"]
[EventType "team"]
[EventRounds "15"]
[EventCountry "GER"]
[SourceTitle "Bundesliga 9596"]
[Source "DeepChess"]
[SourceDate "2005.01.01"]
[SourceVersion "1"]
[SourceVersionDate "2005.01.01"]
[SourceQuality "1"]
[WhiteTeam "Muenchener SC 1836 e.V."]
[BlackTeam "SC 1868 Bamberg e.V."]
[WhiteTeamCountry "GER"]
[BlackTeamCountry "GER"]

1. c4 Nf6 2. Nc3 g6 3. g3 Bg7 4. Bg2 O-O 5. e4 d6 6. Nge2 e5 7. d4 Nc6 8. d5
Nd4 9. O-O Re8 10. Be3 c5 11. dxc6 Nxe2+ 12. Qxe2 bxc6 13. h3 Qc7 14. b4 Be6
15. Rfc1 Rab8 16. Rab1 Nd7 17. a4 Nb6 18. Nd5 Qb7 19. Nxb6 axb6 20. b5 c5 21.
Ra1 Qd7 22. Kh2 f5 23. Bd2 fxe4 24. Qxe4 Rf8 25. Be3 Rbd8 26. a5 bxa5 27. Rxa5
Qf7 28. Qb7 Kh8 29. Qxf7 Rxf7 30. b6 d5 31. cxd5 Bxd5 32. Bxd5 Rxd5 33. Raxc5
Rd8 34. Rc8 Bf6 35. Rxd8+ 1-0